000 02233nam a2200313Ia 4500
999 _c53492
_d53492
001 20538
003 GE_BSU
005 20210120220222.0
008 181216s2015||||ge |||||||||||||| ||geo||
020 _a9789941134395
040 _cGE_BSU
041 _ageo
080 _a327(100)(09) ქ-51
100 _aქილორი, უილიამ რ.
_910057
245 _aმეოცე საუკუნის მსოფლიო : საერთაშორისო ისტორია 1900 წლიდან = The Twentieth - Century World and Beyond : An International History Since 1900 /
_cუილიამ რ. ქილორი ; მთარგმნელები : თამარ ხუნწარია, ბიძინა ვახიშვილი ; სამეც. რედ. : ალექსანდრე რონდელი, ეკატერინე მეტრეველი.
250 _aმე-6 გამოცემა
264 _aთბილისი :
_bჯავახიშვილის სახ. თბილისის სახელმწ. უნ-ტი,
_c2015.
300 _a884 გვ. :
_b ილ.
_c26 სმ.
_eრუკები
300 _cბიბლიოგრ.: გვ. 855-883.
501 _aგარეკანზე კარლო კაჭარავას ტილო ”მეფეთა გარყვნილება”
501 _aდამატებითი სატიტულო გვერდი ინგლისურ ენაზე
504 _aბიბლიოგრ. : გვ. 855-883
653 _aსაერთაშორისო ურთიერთობების ისტორია
700 _aხუნწარია, თამარ
_eმთარგმნელი
_910058
700 _aჯავახიშვილი, ბიძინა
_eმთარგმნელი
_910059
700 _aრონდელი, ალექსანდრე
_eსამეცნიერო რედაქტორი
_91936
700 _aმეტრეველი, ეკატერინე
_eსამეცნიერო რედაქტორი
_910060
942 _cBK
_2udc